01016nam a2200217Ia 4500001001100000008004100011090002200052100004300074245020100117260003100318300002200349502008900371700004800460710006100508901002200569902000600591905006300597942000600660999001900666952011300685Para_10349220602s9999 xx 000 0 und d aPA CD - TESIS 378 aYáñez Zúñiga, Martín9123138 aSensibilidad base a procloraz de aislados del complejo de Colletotrichum gloeosporioides de mango (Mangifera indica L.) en México / Martín Yáñez Zuñiga; Director Santos Gerardo Leyva Mir aChapingo, Méx.: el autor a1 CDS ROM (50 p.) aTesis (M.C. en Protección Vegetal). UACh. Departamento Parasitología Agrícola aLeyva Mir, Santos Gerardo. Director9171335 aUACh Departamento Parasitología AgrícolaÌ9185010 aPA CD - TESIS 378 aM a513220Noviembre, 2014 acmn8100000000 06 c2 c217275d217275 00102local4051708TESISaPAbPAc10d2015-10-05l0pPA_010561r2022-06-02 00:00:00t1w2022-06-02yTDz3